000 00505nam a2200181Ia 4500
001 11150
005 20260306161925.0
008 260306t2012||||xx |||||||||||||| ||spa||
041 _aESP
082 _a985.01
_bA75
100 _aArnold, Denise Y.
_eAUT
245 0 _aEl textil y la documentación del tributo en los Andes:
_blos significados del tejido en contextos tributarios
260 _c2012
300 _a285 pƔginas :
_c23 cm.
650 _aGEN
654 _aCHU
942 _cLIB
_dJUS
_fJUS
_2ddc
_n
999 _c11150
_d11150